000
00323nam a22001337a 4500
008
171025b xxu||||| |||| 00| 0 eng d
020
_a
9781600420993
041
_a
eng
080
_2
3RD
_a
336.2
100
_a
55
101
_a
TAK
245
_a
FEDERAL INCOME TAXATION OF BUSINESS ENTERPRISE
_c
WESTIN,R.A
942
_2
udc
_c
BK
999
_c
35914
_d
35914